[Event "Nova Gorica op-A 20th"]
[Site "Nova Gorica"]
[Date "2015.01.30"]
[Round "1"]
[White "Pregarac, Valter"]
[Black "Malkoc, Tilen"]
[Result "1-0"]
[WhiteElo "2164"]
[BlackElo "1566"]
[PlyCount "105"]
[EventDate "2015.01.30"]
[EventType "swiss"]
[EventRounds "9"]
[EventCountry "SLO"]
[SourceTitle "CBM 164 Extra"]
[Source "ChessBase"]
[SourceDate "2015.03.02"]
[SourceVersion "1"]
[SourceVersionDate "2015.03.02"]
[SourceQuality "1"]

1. e4 e6 2. d4 d5 3. Nc3 Bb4 4. e5 Ne7 5. a3 Bxc3+ 6. bxc3 b6 7. Qg4 Rg8 8. Bd3 Nf5 9. Bg5 Qd7 10. Qe2 h6 11. Bd2 Bb7 12. g4 Ne7 13. f4 c5 14. Bb5 Nbc6 15. Qf2 a6 16. Be2 c4 17. Nf3 b5 18. 0-0 g6 19. Qh4 h5 20. h3 hxg4 21. hxg4 0-0-0 22. Qf6 Rgf8 23. Kg2 Ng8 24. Qg7 Rfe8 25. Rh1 Re7 26. Qh8 Rf8 27. Ng5 Qd8 28. Nh7 Rfe8 29. Be1 f6 30. Nxf6 Rf8 31. Bh4 Nxf6 32. Bxf6 Rxh8 33. Rxh8 Qxh8 34. Bxh8 Rh7 35. Bf6 Kd7 36. Rb1 Na7 37. Bf3 Bc6 38. Kg3 Nc8 39. Rh1 Rxh1 40. Bxh1 Ke8 41. f5 exf5 42. gxf5 gxf5 43. Kf4 Nb6 44. Kxf5 Na4 45. e6 Nxc3 46. Bf3 Kf8 47. e7+ Kg8 48. Bh5 Nb1 49. Ke6 Nxa3 50. Kd6 Be8 51. Bxe8 Nxc2 52. Bg6 Nxd4 53. e8Q# 1-0

[Event "Wch U10"]
[Site "Durban"]
[Date "2014.09.26"]
[Round "8"]
[White "Weishaeutel, Moritz"]
[Black "Malkoc, Tilen"]
[Result "1-0"]
[WhiteElo "1850"]
[BlackElo "1481"]
[PlyCount "74"]
[EventDate "2014.09.20"]
[EventType "swiss"]
[EventRounds "11"]
[EventCountry "RSA"]
[SourceTitle "CBM 162 Extra"]
[Source "ChessBase"]
[SourceDate "2014.10.17"]
[SourceVersion "1"]
[SourceVersionDate "2014.10.17"]
[SourceQuality "1"]

1. e4 e6 2. d4 d5 3. Nc3 Nf6 4. e5 Nfd7 5. f4 c5 6. Nf3 Nc6 7. Be3 a6 8. Qd2 b5 9. a3 g5 10. Nxg5 cxd4 11. Bxd4 Nxd4 12. Qxd4 Bc5 13. Qd2 Qb6 14. Qe2 Be3 15. Qh5 Bf2+ 16. Kd1 Qd4+ 17. Bd3 Nc5 18. Qxf7+ Kd8 19. Qf6+ Kc7 20. Qxh8 Nxd3 21. Qxh7+ Kc6 22. Qxd3 Qxf4 23. Nf3 d4 24. Qe4+ Qxe4 25. Nxe4 Be3 26. h4 Bb7 27. Nd6 Rg8 28. Nxb7 Kxb7 29. h5 Bh6 30. Nxd4 Rxg2 31. Nxe6 Rd2+ 32. Ke1 Rxc2 33. Nd4 Rd2 34. Nf3 Bf8 35. Kxd2 Kc6 36. h6 Bxh6+ 37. Rxh6+ Kd5 1-0

[Event "Wch U10"]
[Site "Durban"]
[Date "2014.09.22"]
[Round "4"]
[White "Bin Suhayl, Ieysaa"]
[Black "Malkoc, Tilen"]
[Result "1-0"]
[WhiteElo "1728"]
[BlackElo "1481"]
[PlyCount "85"]
[EventDate "2014.09.20"]
[EventType "swiss"]
[EventRounds "11"]
[EventCountry "RSA"]
[SourceTitle "CBM 162 Extra"]
[Source "ChessBase"]
[SourceDate "2014.10.17"]
[SourceVersion "1"]
[SourceVersionDate "2014.10.17"]
[SourceQuality "1"]

1. d4 d5 2. c4 e6 3. Nc3 Nf6 4. cxd5 exd5 5. Bg5 Nbd7 6. e3 c6 7. Bd3 Be7 8. Qc2 0-0 9. Nge2 h6 10. Bh4 Ng4 11. Bxe7 Qxe7 12. 0-0 Qd6 13. Ng3 h5 14. e4 h4 15. e5 Qh6 16. Nf5 Qf4 17. g3 hxg3 18. hxg3 Qg5 19. Kg2 Nb6 20. Rh1 g6 21. Nh4 Nc4 22. Bxc4 dxc4 23. Ne4 Qe7 24. Qd2 Be6 25. f3 Bd5 26. Nc3 Nxe5 27. dxe5 Qxe5 28. Rae1 Qd6 29. Ne4 Qe5 30. Ng5 Qf6 31. Ne4 Qe5 32. Qc3 Qxc3 33. Nxc3 Rfe8 34. Nxd5 cxd5 35. f4 Red8 36. f5 g5 37. Nf3 f6 38. Nd4 Rd7 39. Rh6 Rd6 40. Reh1 Kf7 41. Rh7+ Ke8 42. Rh8+ Kd7 43. R1h7# 1-0

[Event "SLO-ch op"]
[Site "Ljubljana"]
[Date "2014.07.07"]
[Round "4"]
[White "Peric, Bernard"]
[Black "Malkoc, Tilen"]
[Result "1-0"]
[WhiteElo "2063"]
[BlackElo "1438"]
[PlyCount "89"]
[EventDate "2014.07.04"]
[EventType "swiss"]
[EventRounds "9"]
[EventCountry "SLO"]
[SourceTitle "EXT 2019"]
[Source "ChessBase"]
[SourceDate "2018.10.10"]
[SourceVersion "1"]
[SourceVersionDate "2018.10.10"]
[SourceQuality "1"]

1. e4 e6 2. d4 d5 3. Nc3 Nf6 4. Bg5 Be7 5. e5 Nfd7 6. h4 Bxg5 7. hxg5 Qxg5 8. Nh3 Qe7 9. Bd3 a6 10. Qg4 f5 11. exf6 Nxf6 12. Qg5 Nc6 13. Nf4 Rf8 14. 0-0-0 Bd7 15. g3 0-0-0 16. Bxh7 Nxh7 17. Qxe7 Nxe7 18. Rxh7 Nf5 19. Ng6 Rf6 20. Ne5 Rh6 21. Rxh6 Nxh6 22. Ne2 Rf8 23. Nf4 g5 24. Nfd3 Bb5 25. Rh1 Nf5 26. Nc5 Nxd4 27. a4 b6 28. axb5 bxc5 29. bxa6 c4 30. Rh7 Rg8 31. Kd2 Kb8 32. Kc3 Nb5+ 33. Kb4 Na7 34. Kc5 Rd8 35. Re7 Rd6 36. Re8+ Nc8 37. Nc6+ Rxc6+ 38. Kxc6 d4 39. Rxc8+ Ka7 40. Kb5 c6+ 41. Rxc6 d3 42. Rc7+ Kb8 43. Kb6 dxc2 44. a7+ Ka8 45. Rc8# 1-0

[Event "SLO-ch U20"]
[Site "Smarjeske Toplice"]
[Date "2014.06.28"]
[Round "7"]
[White "Amon, Jan"]
[Black "Malkoc, Tilen"]
[Result "0-1"]
[WhiteElo "1341"]
[BlackElo "1418"]
[PlyCount "96"]
[EventDate "2014.06.24"]
[EventType "swiss"]
[EventRounds "9"]
[EventCountry "SLO"]
[SourceTitle "EXT 2019"]
[Source "ChessBase"]
[SourceDate "2018.10.10"]
[SourceVersion "1"]
[SourceVersionDate "2018.10.10"]
[SourceQuality "1"]

1. e4 e6 2. d4 d5 3. Nc3 Nf6 4. e5 Nfd7 5. Nf3 a6 6. Bg5 Be7 7. Qd2 c5 8. dxc5 Nxc5 9. 0-0-0 Nc6 10. Qe3 0-0 11. Bxe7 Qxe7 12. g3 Rd8 13. Nd4 Nxd4 14. Rxd4 b5 15. Kb1 Bb7 16. Rg1 Rac8 17. Rg4 Kh8 18. h4 f5 19. exf6 Qxf6 20. Qg5 d4 21. Qxf6 gxf6 22. Ne2 e5 23. f4 Bf3 24. Bh3 Bxe2 25. fxe5 Bxg4 26. Bxg4 Rc6 27. exf6 Rxf6 28. a3 Rdf8 29. Rg2 Rf2 30. Rg1 Rf1+ 31. Rxf1 Rxf1+ 32. Ka2 Rf2 33. Bd1 Rd2 34. Bf3 Rxc2 35. Kb1 d3 36. Bd1 Rd2 37. Kc1 Rf2 38. h5 Ne4 39. g4 Rf1 40. h6 Nf2 41. Kd2 Rxd1+ 42. Ke3 d2 43. Kxf2 Re1 44. a4 d1Q 45. Kg3 Re3+ 46. Kh4 Re4 47. Kh3 Qxg4+ 48. Kh2 Re2+ 0-1

[Event "SLO-ch U20"]
[Site "Smarjeske Toplice"]
[Date "2014.06.26"]
[Round "4"]
[White "Malkoc, Tilen"]
[Black "Meglic, Enej"]
[Result "1-0"]
[WhiteElo "1418"]
[BlackElo "1476"]
[PlyCount "107"]
[EventDate "2014.06.24"]
[EventType "swiss"]
[EventRounds "9"]
[EventCountry "SLO"]
[SourceTitle "EXT 2019"]
[Source "ChessBase"]
[SourceDate "2018.10.10"]
[SourceVersion "1"]
[SourceVersionDate "2018.10.10"]
[SourceQuality "1"]

1. d4 d5 2. c4 e6 3. Nf3 Nf6 4. g3 Be7 5. Bg2 0-0 6. 0-0 b6 7. Nc3 Ba6 8. Ne5 Bb7 9. Re1 c5 10. e3 h6 11. b3 Re8 12. Bb2 a6 13. Na4 Qd6 14. f4 Bd8 15. Ba3 Nbd7 16. Rc1 Rc8 17. Re2 Rc7 18. cxd5 exd5 19. Rec2 Ne4 20. dxc5 Nexc5 21. Nxd7 Rxd7 22. Bxc5 bxc5 23. Nxc5 Bb6 24. Nxb7 Rxb7 25. Kh1 Bxe3 26. Bxd5 Rd7 27. Rc8 Kf8 28. Rxe8+ Kxe8 29. Bc6 Bd4 30. Bxd7+ Kxd7 31. Qg4+ Ke7 32. Re1+ Kf6 33. Qh4+ Kg6 34. f5+ Kh7 35. Qe4 f6 36. Rd1 Qc5 37. Qxd4 Qc2 38. Qg4 Qc6+ 39. Kg1 Qc5+ 40. Kg2 Qc6+ 41. Kh3 Qe8 42. Qg6+ Qxg6 43. fxg6+ Kxg6 44. b4 Kf7 45. a4 Ke7 46. b5 axb5 47. axb5 g5 48. b6 f5 49. b7 f4 50. b8Q f3 51. Qe5+ Kf7 52. Rd7+ Kg6 53. Rg7+ Kh5 54. g4# 1-0